000
00325nam a2200157Ia 4500
100
_a
West/Douglas B
250
_a
2
942
_c
BK
654
_a
graph theory
245
_a
Introduction to Graph theory
260
_b
Prentice Hall
_c
2001
082
_a
511.5
_b
WES
300
_a
588
546
_a
ENGLISH
999
_c
22730
_d
22730